Estudio para el desarrollo del Valle de El General. Características de la región, programa global de desarrollo
Guardado en:
| Institution som forfatter: | |
|---|---|
| Format: | Texto |
| Udgivet: |
San José:
El Instituto
|
| Udgivelse: | 2 |
| Tags: |
Tilføj Tag
Ingen Tags, Vær først til at tagge denne postø!
|
MARC
| LEADER | 00000 a a2200000 04500 | ||
|---|---|---|---|
| 001 | 17315 | ||
| 003 | |||
| 040 | |||
| 090 | |a 020600 | ||
| 110 | |a Instituto de Fomento y Asesoría Municipal (Costa Rica) | ||
| 245 | |a Estudio para el desarrollo del Valle de El General. Características de la región, programa global de desarrollo | ||
| 250 | |a 2 | ||
| 260 | |a San José: |b El Instituto | ||
| 300 | |a 120 p. | ||
| 999 | |c 12953 |d 12953 | ||
